Statistics for Slowest Animals by Picture

Click here to take the quiz!

General Stats

  • This quiz has been taken 684 times
  • The average score is 8 of 10

Answer Stats

Answer% Correct
Snail
99%
Sea Horse
98%
Sloth
98%
Koala
97%
Starfish
97%
Giant Tortoise
87%
Slug
85%
Manatee
71%
Coral
68%
Gila Monster
40%

Score Distribution

Percentile by Number Answered

Percent of People with Each Score

Your Score History

You have not taken this quiz